000 03146nam a2200253Ii 4500
008 221202s xx 000 0 und d
100 1 _aOlsen, Flemming,
_eauthor
245 0 _aBetween Positivism and T.S. Eliot
246 _aImagism and T.E. Hulme
264 1 _aOdense
_bUniversity Press of Southern Denmark
_c2008
300 _a1 online resource (193 pages)
336 _atext
_btxt
_2rdacontent
337 _acomputer
_bc
_2rdamedia
338 _aonline resource
_bcr
_2rdacarrier
490 _aStudies in Literature
_v52
520 _aSeveral critics have been intrigued by the gap between late Victorian poetry and the more "modern" poetry of the 1920s. It is my contention that a close analysis of the poetry and criticism written in the first decade of the 20th century and until the end of the First World War : excluding war poetry : will be rewarding if we want to acquire a greater understanding of the transition. The book is not meant as a total overview of the intellectual climate in England from Tennyson to Eliot. Rather, it describes the development that took place within art and literature : especially poetry : as a reaction against the positivist attitude. Early in the 19th century, science came to be taken as the opposite of poetry because the Romanticists conceived of the lyrical poem as the outlet of the poet's feelings. That attitude was dominant during the rest of the 19th century. To many readers and critics, T.E.Hulme represents little more thasn a footnote. He is vaguely known as one of the precursors of the far more interesting T.S.Eliot, for which reason some lip-service may be paid to him, but his own achievement is hardly ever referred to. Hulme and the Imagists represent an intermediary stage between Tennyson and Eliot, but they are more than mere stepping-stones. Besides being experimenting poets, most of them are acute critics of art and literature, prescriptively as well as descriptively. Hulme's theories are sketchy, his presentation not infrequently confusing, and his poetry mostly fragments. The following pages attempt to analyse his oeuvre, a material hardly anybody has taken the trouble to consider in its entirety, He understood that some form of theory is a useful accompaniment of poetic practice, and, like his Imagist friends, he made the poetic image the focus of his attention. The Imagists were opposed not only to the monopoly of science, scientia scientium, which claimed to be able to decide what truth and reality "really" were, but also to the "Tennysonianisms", which, they felt, had made poetry predictable and insipid. This book attempts to get to grips with the watershed. I owe Professor Lars Ole Sauerberg my heartfelt gratitude for his advice, encouragement and patience during the process of writing this book.
653 _aFree Verse
653 _aHenri Bergson
653 _aHulme
653 _aImagism
653 _aPositivism
856 _uhttps://docs.google.com/spreadsheets/d/1yKIrdCPDAG_9c22mwoOIO2DOhtj65Wqa/edit?usp=sharing&ouid=106555315294820607512&rtpof=true&sd=true
_yList of Curated E-Books
942 _cE-BOOK
999 _c91973
_d91970